[Event "CAN-op"]
[Site "Toronto CAN"]
[Date "2010.07.16"]
[Round "7"]
[White "Yee, Lorne"]
[Black "Qin, Zi Yi (Joey)"]
[Result "1-0"]
[WhiteElo "2222"]
[BlackElo "2340"]
[PlyCount "127"]
[EventDate "2010.07.10"]
[EventType "swiss"]
[EventRounds "9"]
[EventCountry "CAN"]

1. c4 Nf6 2. Nc3 g6 3. e4 d6 4. d4 Bg7 5. f3 c5 6. dxc5 dxc5 7. Qxd8+ Kxd8 8.
Be3 Nfd7 9. O-O-O Bxc3 10. bxc3 b6 11. f4 Bb7 12. Nf3 e6 13. f5 Ke7 14. fxe6
Kxe6 15. Be2 f6 16. e5 fxe5 17. Ng5+ Ke7 18. Rhf1 Nf6 19. Rxf6 Kxf6 20. Rf1+
Ke7 21. Rf7+ Ke8 22. Rxb7 Nd7 23. Bg4 Nf6 24. Ne6 h6 25. Nc7+ Kf8 26. Nxa8 Nxg4
27. Bd2 h5 28. Rb8+ Kg7 29. Rxh8 Kxh8 30. h3 Nf6 31. Nc7 Kg7 32. Nb5 a6 33. Nc7
Ne4 34. Nd5 b5 35. cxb5 axb5 36. Nc7 Nd6 37. Ne6+ Kf6 38. Nxc5 Kf5 39. Kd1 g5
40. Ke2 g4 41. Kd3 gxh3 42. gxh3 Nc4 43. Bc1 Nb6 44. Ne4 Ke6 45. Ng3 h4 46. Ne4
Nd5 47. a3 Nb6 48. Bg5 Nc4 49. Bxh4 Nxa3 50. Nd2 Kd5 51. Be7 e4+ 52. Nxe4 Nc4
53. Nd2 Ne5+ 54. Ke3 Nc6 55. Bf6 Ke6 56. Bg7 Kf5 57. Nf3 Ne7 58. Nd4+ Kg6 59.
Be5 Nd5+ 60. Kd3 Kg5 61. Bg3 b4 62. c4 Nb6 63. c5 Nd5 64. Kc4 1-0

[Event "CAN-op"]
[Site "Toronto CAN"]
[Date "2010.07.16"]
[Round "7"]
[White "Zagar, Milan"]
[Black "Moran-Venegas, Mario"]
[Result "1-0"]
[WhiteElo "1941"]
[BlackElo "1704"]
[PlyCount "80"]
[EventDate "2010.07.10"]
[EventType "swiss"]
[EventRounds "9"]
[EventCountry "CAN"]

1. d4 Nf6 2. c4 g6 3. Nc3 d5 4. cxd5 Nxd5 5. e4 Nxc3 6. bxc3 Bg7 7. Bc4 c5 8.
Ne2 Nc6 9. d5 Ne5 10. Bb5+ Bd7 11. Bxd7+ Qxd7 12. O-O O-O 13. h3 Rfd8 14. Bg5
h6 15. Bh4 g5 16. Bg3 e6 17. Qc2 exd5 18. Rfd1 Qc6 19. exd5 Rxd5 20. Rxd5 Qxd5
21. f4 Nc4 22. Rd1 Qxg2+ 23. Kxg2 Ne3+ 24. Kf3 Nxc2 25. fxg5 hxg5 26. Rd7 b6
27. Bd6 Na3 28. Be7 Nc4 29. Ke4 Re8 30. Kf5 g4 31. hxg4 Ne3+ 32. Kf4 Nd5+ 33.
Rxd5 Rxe7 34. Rd8+ Kh7 35. Kf3 Bf6 36. Rc8 Kg7 37. Ng3 Rd7 38. Nh5+ Kg6 39.
Rg8+ Kh6 40. Nxf6 Rd3+ 1-0

[Event "CAN-op"]
[Site "Toronto CAN"]
[Date "2010.07.17"]
[Round "8"]
[White "Barron, Michael"]
[Black "Dudkin, Maxim"]
[Result "0-1"]
[WhiteElo "2375"]
[BlackElo "2108"]
[PlyCount "92"]
[EventDate "2010.07.10"]
[EventType "swiss"]
[EventRounds "9"]
[EventCountry "CAN"]

1. e4 c5 2. Nf3 Nc6 3. d4 cxd4 4. Nxd4 Nf6 5. Nc3 e6 6. Ndb5 Bb4 7. a3 Bxc3+ 8.
Nxc3 d5 9. exd5 exd5 10. Bd3 d4 11. Ne4 Bf5 12. Nd6+ Qxd6 13. Bxf5 Qd5 14. Qf3
Qxf3 15. gxf3 O-O 16. O-O Rfe8 17. f4 Re7 18. Bd2 Ne4 19. Bxe4 Rxe4 20. Rfe1
Rae8 21. Rxe4 Rxe4 22. Re1 f5 23. f3 Rxe1+ 24. Bxe1 Kf7 25. Kf2 Ke6 26. Ke2 Kd5
27. Bh4 Kc4 28. Kd2 b5 29. b3+ Kd5 30. Kd3 a6 31. Be1 Nd8 32. c4+ dxc3 33. Bxc3
Ne6 34. Be5 g6 35. Ke3 Nc5 36. b4 Nd7 37. Bb2 Kc4 38. Bd4 Nf8 39. Bg7 Ne6 40.
Be5 Kb3 41. Kd3 Kxa3 42. Kc3 Ka4 43. Bd6 Nd8 44. Kd4 Nc6+ 45. Kd5 Nxb4+ 46. Ke6
Nd3 0-1

[Event "CAN-op"]
[Site "Toronto CAN"]
[Date "2010.07.17"]
[Round "8"]
[White "Bennett, Eric"]
[Black "Betaneli, Aleksandr"]
[Result "0-1"]
[WhiteElo "1990"]
[BlackElo "2312"]
[PlyCount "116"]
[EventDate "2010.07.10"]
[EventType "swiss"]
[EventRounds "9"]
[EventCountry "CAN"]

1. d4 d5 2. c3 Nf6 3. Bg5 Nbd7 4. Nf3 h6 5. Bf4 c5 6. e3 Qb6 7. Qc2 e6 8. Bd3
Bd6 9. Bxd6 Qxd6 10. Nbd2 e5 11. dxe5 Nxe5 12. Nxe5 Qxe5 13. Nf3 Qc7 14. Bb5+
Bd7 15. Bxd7+ Qxd7 16. c4 O-O 17. cxd5 Qxd5 18. O-O b6 19. Rfd1 Qe6 20. b3 Rfd8
21. Rxd8+ Rxd8 22. Rd1 Rxd1+ 23. Qxd1 Qe4 24. Ne1 Nd5 25. Qd3 Qe5 26. a4 g6 27.
g3 Nb4 28. Qd2 Qa1 29. Kf1 Na2 30. Qc2 Nc1 31. Qd1 Qc3 32. Qd8+ Kg7 33. Qb8 Qa1
34. Qxa7 Nd3 35. Ke2 Nc1+ 36. Kf3 Qf6+ 37. Kg2 Qc6+ 38. f3 Qd6 39. a5 Qd2+ 40.
Kh3 Qxa5 41. Qxa5 bxa5 42. Kg2 Kf6 43. Kf2 Ke5 44. Nc2 Nxb3 45. Ke2 c4 46. Na3
Kd5 47. g4 Kc5 48. Nc2 Nc1+ 49. Kd2 Na2 50. f4 c3+ 51. Kd3 Nb4+ 52. Kxc3 Nxc2
53. Kxc2 Kc4 54. h4 h5 55. gxh5 gxh5 56. e4 Kd4 57. f5 Kxe4 58. f6 Kf5 0-1

[Event "CAN-op"]
[Site "Toronto CAN"]
[Date "2010.07.17"]
[Round "8"]
[White "Dougherty, Michael"]
[Black "Bharat, Arjun"]
[Result "1/2-1/2"]
[WhiteElo "2322"]
[BlackElo "1841"]
[PlyCount "155"]
[EventDate "2010.07.10"]
[EventType "swiss"]
[EventRounds "9"]
[EventCountry "CAN"]

1. d4 d5 2. c4 c6 3. Nf3 Nf6 4. e3 a6 5. b3 b5 6. Bd3 g6 7. O-O Bg7 8. Nbd2 O-O
9. a4 bxc4 10. bxc4 Nbd7 11. Ba3 Re8 12. cxd5 cxd5 13. a5 e5 14. dxe5 Ng4 15.
Bb2 Ngxe5 16. Nxe5 Nxe5 17. Be2 Rb8 18. Bd4 Qd6 19. Rb1 Rxb1 20. Qxb1 h5 21.
Qb6 Qa3 22. Ra1 Qe7 23. Nf3 Nc4 24. Bxc4 dxc4 25. Bxg7 Kxg7 26. Rc1 Be6 27. Rc3
Qd8 28. Nd4 Qxb6 29. axb6 Rb8 30. Nxe6+ fxe6 31. Rxc4 Rxb6 32. h4 Kf6 33. Ra4
e5 34. Kh2 Kf5 35. Kg3 Rc6 36. f3 Rb6 37. Ra5 Kf6 38. Kf2 Rb2+ 39. Kf1 Rb1+ 40.
Ke2 Rb2+ 41. Kd3 Rxg2 42. Ke4 Rh2 43. Rxa6+ Kg7 44. Kxe5 Rxh4 45. Ra7+ Kg8 46.
Kf6 Rh3 47. f4 Rxe3 48. Kxg6 Rg3+ 49. Kxh5 Kf8 50. Ra5 Kf7 51. Rf5+ Kg8 52. Kh6
Rh3+ 53. Kg6 Ra3 54. Rf6 Rg3+ 55. Kf5 Rb3 56. Ra6 Kf7 57. Ra7+ Kf8 58. Rc7 Rb6
59. Kg5 Rb5+ 60. f5 Rb6 61. Ra7 Rc6 62. Ra5 Kf7 63. Rb5 Ra6 64. Rb8 Rc6 65.
Rb7+ Kf8 66. Rd7 Ra6 67. Kf4 Rb6 68. Ke5 Ra6 69. Rh7 Rb6 70. Rc7 Ra6 71. Kf4
Rb6 72. Kg5 Ra6 73. Rc5 Kf7 74. f6 Ra1 75. Rc7+ Kf8 76. Rc5 Kf7 77. Rc7+ Kf8
78. Rc8+ 1/2-1/2

[Event "CAN-op"]
[Site "Toronto CAN"]
[Date "2010.07.17"]
[Round "8"]
[White "Gelis, Paul"]
[Black "Friedel, Joshua"]
[Result "1/2-1/2"]
[WhiteElo "2216"]
[BlackElo "2586"]
[PlyCount "61"]
[EventDate "2010.07.10"]
[EventType "swiss"]
[EventRounds "9"]
[EventCountry "CAN"]

1. d4 Nf6 2. Nf3 e6 3. c4 b6 4. e3 Bb7 5. Bd3 d5 6. cxd5 exd5 7. Nc3 Nbd7 8.
O-O Bd6 9. b3 O-O 10. Bb2 a6 11. Ne2 Ne4 12. Ne5 f6 13. Bxe4 dxe4 14. Nc4 f5
15. Nxd6 cxd6 16. Nf4 Qe7 17. d5 Ne5 18. Rc1 Rfc8 19. Qd4 Rc5 20. b4 Rxc1 21.
Rxc1 b5 22. Ne6 Rc8 23. Qa7 Rxc1+ 24. Bxc1 Qd7 25. Bb2 Bxd5 26. Qb8+ Kf7 27.
Bxe5 Kxe6 28. Bd4 Kf7 29. Qh8 Kg6 30. a3 Qe7 31. Qb8 1/2-1/2

[Event "CAN-op"]
[Site "Toronto CAN"]
[Date "2010.07.17"]
[Round "8"]
[White "Gluckie, Jamin"]
[Black "Ashton, Adam"]
[Result "0-1"]
[WhiteElo "2096"]
[BlackElo "2316"]
[PlyCount "66"]
[EventDate "2010.07.10"]
[EventType "swiss"]
[EventRounds "9"]
[EventCountry "CAN"]

1. d4 Nf6 2. c4 g6 3. f3 Bg7 4. e4 O-O 5. Nc3 Nc6 6. Be3 e5 7. Nge2 d6 8. d5
Na5 9. Nc1 c5 10. a3 b6 11. b4 Nb7 12. Nd3 Nh5 13. Qd2 f5 14. Be2 Bd7 15. g3
Rc8 16. Rb1 cxb4 17. axb4 Rxc4 18. Nxe5 Rxc3 19. Qxc3 Bxe5 20. Bd4 Nf6 21. Ba6
Bc8 22. Bxe5 dxe5 23. exf5 Bxf5 24. Rd1 Nd6 25. O-O e4 26. fxe4 Nfxe4 27. Qd4
Bh3 28. Rfe1 Ng5 29. Be2 Qd7 30. Rc1 Re8 31. Qf4 Qe7 32. Rc6 Rf8 33. Qc1 Qe4
0-1

[Event "CAN-op"]
[Site "Toronto CAN"]
[Date "2010.07.17"]
[Round "8"]
[White "Haessel, Dale"]
[Black "Tonakanian, Stephan"]
[Result "0-1"]
[WhiteElo "2316"]
[BlackElo "1990"]
[PlyCount "90"]
[EventDate "2010.07.10"]
[EventType "swiss"]
[EventRounds "9"]
[EventCountry "CAN"]

1. d4 Nf6 2. c4 e5 3. dxe5 Ng4 4. Nf3 Bc5 5. e3 Nc6 6. a3 a5 7. b3 Ngxe5 8. Bb2
Nxf3+ 9. Qxf3 O-O 10. Bd3 Qh4 11. Nd2 d6 12. Ne4 Qg4 13. Qxg4 Bxg4 14. Nxc5
dxc5 15. Be4 Rfb8 16. a4 Ra6 17. f3 Be6 18. O-O-O Rb6 19. Kc2 Nb4+ 20. Kc1 f6
21. Rd2 Re8 22. Rhd1 f5 23. Bb1 Nc6 24. Rd3 Kf7 25. Ba3 Ne5 26. Rc3 Nd7 27. Bc2
Rd6 28. Rcd3 Rxd3 29. Rxd3 b6 30. Bb2 Nb8 31. Rd2 Nc6 32. g3 Re7 33. e4 g6 34.
exf5 Bxf5 35. Bxf5 gxf5 36. Rd5 Kg6 37. Kd2 Nb4 38. Re5 Rd7+ 39. Ke2 Nd3 40.
Re6+ Kf7 41. Rf6+ Ke7 42. Ba1 Nc1+ 43. Ke3 Nxb3 44. Be5 Nd2 45. Kf4 Nxc4 0-1

[Event "CAN-op"]
[Site "Toronto CAN"]
[Date "2010.07.17"]
[Round "8"]
[White "Itkin, David"]
[Black "Ilic, Stanimir"]
[Result "1-0"]
[WhiteElo "1966"]
[BlackElo "2340"]
[PlyCount "98"]
[EventDate "2010.07.10"]
[EventType "swiss"]
[EventRounds "9"]
[EventCountry "CAN"]

1. e4 c5 2. Nc3 e6 3. Nf3 a6 4. d4 cxd4 5. Nxd4 Qc7 6. g3 h5 7. h4 b5 8. Bg2
Bb7 9. a3 Nf6 10. Bg5 Ng4 11. Bf3 b4 12. axb4 Bxb4 13. Bd2 Bc5 14. Bxg4 Bxd4
15. Bf3 Nc6 16. Bxh5 Ne5 17. Qe2 Nc4 18. O-O-O Qa5 19. Kb1 Qb4 20. b3 Nxd2+ 21.
Qxd2 Qxc3 22. Bxf7+ Ke7 23. Qxd4 Qxd4 24. Rxd4 Raf8 25. Rhd1 Rxf7 26. Rxd7+ Kf6
27. e5+ Kg6 28. Rxf7 Kxf7 29. Rd7+ Kg6 30. Rxb7 Kf5 31. f4 Rh7 32. h5 Kg4 33.
h6 Rxh6 34. Rxg7+ Kf5 35. Kb2 Ke4 36. Ka3 Rh2 37. c4 Rh1 38. Kb4 Ra1 39. Rg6
a5+ 40. Kc3 a4 41. Kb2 Rf1 42. bxa4 Kd4 43. Rxe6 Kxc4 44. Rc6+ Kb4 45. Rc1 Rf3
46. Re1 Rf2+ 47. Kb1 Kc3 48. e6 Rb2+ 49. Ka1 Rb4 1-0

[Event "CAN-op"]
[Site "Toronto CAN"]
[Date "2010.07.17"]
[Round "8"]
[White "Lai, Jonathan"]
[Black "Olheiser, Gordon"]
[Result "0-1"]
[WhiteElo "1727"]
[BlackElo "2142"]
[PlyCount "66"]
[EventDate "2010.07.10"]
[EventType "swiss"]
[EventRounds "9"]
[EventCountry "CAN"]

1. e4 e6 2. d4 d5 3. Nc3 Nf6 4. e5 Nfd7 5. f4 c5 6. Nf3 Nc6 7. Be3 Be7 8. Bb5
a6 9. Bxc6 bxc6 10. O-O cxd4 11. Nxd4 Qc7 12. Qg4 O-O 13. Rf3 c5 14. Rg3 g6 15.
Nxe6 Qb7 16. Nxf8 Nxf8 17. Qd1 d4 18. Bxd4 cxd4 19. Qxd4 Qxb2 20. Qd1 Qb6+ 21.
Kh1 Be6 22. Qf3 Rc8 23. f5 Qb2 24. Rf1 Bc4 25. Re1 Bh4 26. Rb1 Qxc2 27. Rh3 Be2
28. Nxe2 Qxb1+ 29. Ng1 Rc1 30. Qe3 Bg5 31. Qf2 Be7 32. Rb3 Qxf5 33. Rf3 Qxe5
0-1

[Event "CAN-op"]
[Site "Toronto CAN"]
[Date "2010.07.17"]
[Round "8"]
[White "Li, Ruokai (David)"]
[Black "Oussedik, Elias"]
[Result "1-0"]
[WhiteElo "1932"]
[BlackElo "2154"]
[PlyCount "47"]
[EventDate "2010.07.10"]
[EventType "swiss"]
[EventRounds "9"]
[EventCountry "CAN"]

1. e4 e6 2. d4 d5 3. Nd2 Nf6 4. e5 Nfd7 5. f4 c5 6. c3 Nc6 7. Ndf3 cxd4 8. cxd4
Qb6 9. g3 Bb4+ 10. Kf2 f6 11. Kg2 O-O 12. Bd3 Kh8 13. Bb1 fxe5 14. fxe5 Ndxe5
15. dxe5 Nxe5 16. Nxe5 Qf2+ 17. Kh3 Rf5 18. Nd3 Rh5+ 19. Qxh5 e5+ 20. Kh4 Be7+
21. Bg5 Qd4+ 22. Nf4 Bxg5+ 23. Qxg5 Bd7 24. Nf3 1-0

[Event "CAN-op"]
[Site "Toronto CAN"]
[Date "2010.07.17"]
[Round "8"]
[White "MacKinnon, Keith"]
[Black "Ostermeier, Ralf"]
[Result "1-0"]
[WhiteElo "2280"]
[BlackElo "2102"]
[PlyCount "115"]
[EventDate "2010.07.10"]
[EventType "swiss"]
[EventRounds "9"]
[EventCountry "CAN"]

1. e4 c6 2. d4 d5 3. e5 Bf5 4. Nf3 e6 5. Be2 c5 6. Be3 Nc6 7. O-O Qb6 8. Nc3 c4
9. b3 Qa5 10. Na4 b5 11. Nc5 Bxc5 12. dxc5 Qc3 13. a4 bxa4 14. bxc4 Qxc2 15.
cxd5 Qxd1 16. Rfxd1 exd5 17. Bb5 Nge7 18. Nd4 Bd7 19. Nxc6 Bxc6 20. Bxc6+ Nxc6
21. Rxd5 O-O 22. Rxa4 h6 23. f4 Rfe8 24. Rd6 Rac8 25. Ra6 Re6 26. Kf1 Kf8 27.
Bf2 g5 28. g3 Ke7 29. f5 Rxd6 30. exd6+ Kd7 31. Ke2 Rb8 32. Ra4 Rb3 33. h4 f6
34. Be3 Rc3 35. hxg5 hxg5 36. Ra1 Rc2+ 37. Kf3 Rc3 38. Rh1 Ne5+ 39. Ke4 Kc6 40.
Rh8 Rxe3+ 41. Kxe3 Kxc5 42. Rh7 Nc4+ 43. Kd3 Nxd6 44. Rxa7 Kd5 45. Ra5+ Kc6 46.
Kd4 Kb6 47. Rd5 Kc6 48. Rc5+ Kb6 49. g4 Nf7 50. Rc3 Ne5 51. Kd5 Nxg4 52. Ke6
Nf2 53. Rb3+ Kc5 54. Kxf6 g4 55. Ke5 Kc4 56. Rg3 Nd3+ 57. Rxd3 Kxd3 58. Kf4 1-0

[Event "CAN-op"]
[Site "Toronto CAN"]
[Date "2010.07.17"]
[Round "8"]
[White "Malaniuk, Vladimir"]
[Black "McShane, Luke"]
[Result "0-1"]
[WhiteElo "2551"]
[BlackElo "2624"]
[PlyCount "82"]
[EventDate "2010.07.10"]
[EventType "swiss"]
[EventRounds "9"]
[EventCountry "CAN"]

1. d4 Nf6 2. Nf3 g6 3. Bg5 Bg7 4. Nbd2 d6 5. c3 O-O 6. e4 Nc6 7. Be2 e5 8. dxe5
dxe5 9. O-O h6 10. Bh4 Qe8 11. Qc2 Nh5 12. Rfe1 Kh8 13. Bf1 f5 14. exf5 gxf5
15. Nd4 Ne7 16. Qd1 Nf4 17. Bxe7 Qxe7 18. g3 Ng6 19. f4 Qc5 20. fxe5 Nxe5 21.
Bg2 f4 22. gxf4 Rxf4 23. Kh1 Bg4 24. Qc2 Raf8 25. Ne4 Qe7 26. b4 Qh4 27. Ng3
Bd7 28. Rf1 Ng4 29. Nf3 Rxf3 30. Bxf3 Rxf3 31. Rxf3 Bc6 32. Raf1 Ne3 33. Nf5
Qf4 34. Nxe3 Bxf3+ 35. Kg1 Qxe3+ 36. Qf2 Qg5+ 37. Qg3 Qe3+ 38. Qf2 Qg5+ 39. Qg3
Qxg3+ 40. hxg3 Bd5 41. Rd1 c6 0-1

[Event "CAN-op"]
[Site "Toronto CAN"]
[Date "2010.07.17"]
[Round "8"]
[White "Martchenko, Alexander"]
[Black "Ibrahim, Ismail"]
[Result "0-1"]
[WhiteElo "2382"]
[BlackElo "2062"]
[PlyCount "92"]
[EventDate "2010.07.10"]
[EventType "swiss"]
[EventRounds "9"]
[EventCountry "CAN"]

1. e4 e5 2. Nf3 Nc6 3. Bb5 a6 4. Ba4 Nf6 5. d3 b5 6. Bb3 d6 7. c3 Be6 8. Bc2 d5
9. Ng5 Bg4 10. f3 Bc8 11. exd5 Nxd5 12. Qe2 Be7 13. Ne4 f5 14. Nf2 O-O 15. g3
Bc5 16. Nd2 Ne3 17. Bb3+ Kh8 18. Nf1 Ng2+ 19. Kd1 e4 20. Rg1 Ne5 21. d4 Bxd4
22. cxd4 exf3 23. Qxe5 Re8 24. Qd5 Bb7 25. Qxd8 Raxd8 26. Be3 Nxe3+ 27. Nxe3
Rxe3 28. Re1 Rxd4+ 29. Kc2 Re2+ 30. Rxe2 fxe2 31. Re1 Bf3 32. Kc3 c5 33. a3 a5
34. Bf7 g5 35. Kc2 Kg7 36. Be8 b4 37. axb4 axb4 38. b3 c4 39. bxc4 Rxc4+ 40.
Kd2 b3 41. Nd3 Be4 42. Rxe2 Rc2+ 43. Ke3 Bxd3 44. Re1 b2 45. Rb1 Be4 46. Bb5
Rxh2 0-1

[Event "CAN-op"]
[Site "Toronto CAN"]
[Date "2010.07.17"]
[Round "8"]
[White "McCleary, Reuben"]
[Black "Armstrong, Robert J"]
[Result "1/2-1/2"]
[WhiteElo "1597"]
[BlackElo "1800"]
[PlyCount "34"]
[EventDate "2010.07.10"]
[EventType "swiss"]
[EventRounds "9"]
[EventCountry "CAN"]

1. e4 g6 2. d4 Bg7 3. Nf3 d6 4. Nc3 Nf6 5. Be2 O-O 6. O-O Nc6 7. Be3 Ng4 8. Bg5
h6 9. Bc1 e5 10. d5 Nd4 11. Nxd4 exd4 12. Nb5 Qh4 13. Bxg4 Bxg4 14. f3 Be5 15.
g3 Bxg3 16. hxg3 Qxg3+ 17. Kh1 Qh3+ 1/2-1/2

[Event "CAN-op"]
[Site "Toronto CAN"]
[Date "2010.07.17"]
[Round "8"]
[White "Mo, Kevin"]
[Black "Siu, Wayne"]
[Result "1-0"]
[WhiteElo "1964"]
[BlackElo "1449"]
[PlyCount "77"]
[EventDate "2010.07.10"]
[EventType "swiss"]
[EventRounds "9"]
[EventCountry "CAN"]

1. e4 d6 2. d4 Nf6 3. Nc3 g6 4. f4 Bg7 5. Nf3 O-O 6. Bd3 b6 7. Be3 Bb7 8. Qe2
Nbd7 9. Bd2 a6 10. a4 Qc8 11. O-O Re8 12. e5 Ng4 13. e6 Ndf6 14. exf7+ Kxf7 15.
Ng5+ Kg8 16. f5 h6 17. Ne6 h5 18. fxg6 c5 19. h3 cxd4 20. hxg4 dxc3 21. Bxc3
hxg4 22. Bf5 Qc6 23. Nxg7 Kxg7 24. Bxg4 Qc5+ 25. Rf2 e5 26. Bf5 Rh8 27. Bd2 Rh5
28. Be3 Qb4 29. Bh3 Rah8 30. Rxf6 Rxh3 31. gxh3 Rxh3 32. Rf7+ Kg8 33. Rxb7 Rg3+
34. Kf1 Qh4 35. Qf2 Qh1+ 36. Ke2 Qh5+ 37. Kd2 Qxg6 38. Rb8+ Kh7 39. Rh1+ 1-0

[Event "CAN-op"]
[Site "Toronto CAN"]
[Date "2010.07.17"]
[Round "8"]
[White "Moran-Venegas, Mario"]
[Black "Siegel, Andre"]
[Result "0-1"]
[WhiteElo "1704"]
[BlackElo "1477"]
[PlyCount "51"]
[EventDate "2010.07.10"]
[EventType "swiss"]
[EventRounds "9"]
[EventCountry "CAN"]

1. e4 d5 2. exd5 Qxd5 3. Nc3 Qa5 4. d4 Bd7 5. Nf3 e6 6. Bd2 Bb4 7. a3 Bxc3 8.
Bxc3 Qd5 9. Bd3 Nf6 10. O-O Bc6 11. Re1 g5 12. Re5 Qd8 13. Rxg5 Ne4 14. Bxe4
Bxe4 15. Re5 Bd5 16. Qe2 Rg8 17. Bd2 Nc6 18. Rg5 Rxg5 19. Nxg5 Nxd4 20. Qe5 Nf5
21. Nxh7 Kd7 22. Bg5 Qh8 23. Nf6+ Kc6 24. Qc3+ Kd6 25. Bf4+ Ke7 26. Nxd5+ 0-1

[Event "CAN-op"]
[Site "Toronto CAN"]
[Date "2010.07.17"]
[Round "8"]
[White "O'Brien, Frank"]
[Black "Drkulec, Vladimir"]
[Result "0-1"]
[WhiteElo "1744"]
[BlackElo "2038"]
[PlyCount "190"]
[EventDate "2010.07.10"]
[EventType "swiss"]
[EventRounds "9"]
[EventCountry "CAN"]

1. d4 Nf6 2. c4 g6 3. Nc3 d5 4. Bf4 Bg7 5. e3 c5 6. Nf3 cxd4 7. Nxd4 O-O 8. Be2
dxc4 9. Bxc4 Qa5 10. Bxb8 Rxb8 11. O-O a6 12. Rc1 Ng4 13. Nd5 Re8 14. b4 Qd8
15. Bb3 Qd6 16. Nf3 Bf5 17. Nc7 Red8 18. Qxd6 Rxd6 19. Nd5 Kf8 20. Rc7 Bd7 21.
h3 Ne5 22. Nxe5 Bxe5 23. Rcc1 e6 24. Nc3 Bc6 25. Rfd1 Rbd8 26. Rxd6 Bxd6 27.
Rd1 Ke7 28. a3 g5 29. Ne2 b6 30. Nd4 Bb7 31. Rc1 Kd7 32. Kf1 Be4 33. Rc3 Be5
34. f3 Bb7 35. Rd3 Ke7 36. Ke2 Rd6 37. a4 Bxd4 38. Rxd4 Rxd4 39. exd4 a5 40. b5
Kd6 41. Ke3 f6 42. g3 h6 43. f4 Bg2 44. fxg5 fxg5 45. h4 Bh1 46. hxg5 hxg5 47.
Kd3 Ke7 48. Ke3 Kf6 49. Bc2 Bd5 50. Kd2 Kg7 51. Ke3 Kh6 52. Bd1 Kg6 53. Bc2+
Kf6 54. Kd2 Bf3 55. Ke3 Bg4 56. Kd2 Kg7 57. Ke3 Kf6 58. Kd2 Ke7 59. Ke3 Kd6 60.
Bb3 Bh5 61. Kd2 Bf3 62. Ke3 Bg2 63. Kf2 Bd5 64. Bc2 Bc4 65. Ke3 Kd5 66. Be4+
Kd6 67. Bc2 Bf1 68. Bb3 Bh3 69. Kd2 Bf5 70. Ke3 e5 71. dxe5+ Kxe5 72. Bd1 Be4
73. Bb3 Bf5 74. Bd1 Kd5 75. Bb3+ Kc5 76. Bd1 Kc4 77. Kd2 Kb4 78. Ke3 Kc3 79.
Kf3 Be6 80. Ke4 Kd2 81. Ke5 Bg8 82. Bg4 Bb3 83. Kd6 Bxa4 84. Kc6 Bb3 85. Kxb6
a4 86. Kc5 a3 87. b6 a2 88. b7 a1=Q 89. b8=Q Qc3+ 90. Kb6 Qb4+ 91. Kc7 Qc5+ 92.
Kd8 Qf8+ 93. Kd7 Qf7+ 94. Kd6 Qf6+ 95. Kc5 Qc3+ 0-1

[Event "CAN-op"]
[Site "Toronto CAN"]
[Date "2010.07.17"]
[Round "8"]
[White "Paterson, Jim"]
[Black "Medvedev, Gennadi"]
[Result "1-0"]
[WhiteElo "1889"]
[BlackElo "1628"]
[PlyCount "115"]
[EventDate "2010.07.10"]
[EventType "swiss"]
[EventRounds "9"]
[EventCountry "CAN"]

1. d4 d5 2. Nf3 Nc6 3. g3 Bf5 4. c3 f6 5. Nbd2 Qd7 6. Nh4 Be6 7. Qb3 Nd8 8. Ng2
Nh6 9. Nf3 Nf5 10. Nf4 Bf7 11. h4 e6 12. Nd3 b6 13. a4 Nb7 14. Qc2 Be7 15. Bf4
Bd6 16. Bh3 g6 17. e3 c5 18. O-O c4 19. Nb4 a5 20. Na2 Bxf4 21. exf4 Nfd6 22.
Nd2 f5 23. f3 Ke7 24. Rfe1 Kd8 25. b3 Qc6 26. Bf1 h6 27. bxc4 dxc4 28. Be2 Kd7
29. Kf2 Rag8 30. Rh1 Qd5 31. Rab1 Kc7 32. Qb2 Qc6 33. Bxc4 Rb8 34. Bb5 Nxb5 35.
axb5 Qd7 36. Nc4 Qd5 37. Ne5 Be8 38. c4 Qd6 39. Qc3 Rd8 40. Rbd1 Kb8 41. Kg2
Rg8 42. d5 exd5 43. Rxd5 Qc7 44. Qd4 Bf7 45. Nc6+ Ka8 46. Rxd8+ Nxd8 47. Nab4
Nxc6 48. Nxc6 Re8 49. Rd1 Be6 50. c5 bxc5 51. Qxc5 Bd7 52. Ra1 Bxc6 53. bxc6
Qa7 54. Rxa5 Qxa5 55. Qxa5+ Kb8 56. Qb6+ Kc8 57. Qb7+ Kd8 58. Qd7# 1-0

[Event "CAN-op"]
[Site "Toronto CAN"]
[Date "2010.07.17"]
[Round "8"]
[White "Pechenkin, Vladimir"]
[Black "Egorov, Mikhail"]
[Result "1/2-1/2"]
[WhiteElo "2432"]
[BlackElo "2179"]
[PlyCount "110"]
[EventDate "2010.07.10"]
[EventType "swiss"]
[EventRounds "9"]
[EventCountry "CAN"]

1. c4 Nf6 2. g3 g6 3. Bg2 Bg7 4. Nc3 c5 5. d3 Nc6 6. e4 d6 7. Nge2 O-O 8. O-O
Ne8 9. Be3 Nc7 10. d4 cxd4 11. Nxd4 Ne6 12. Nde2 a5 13. Rb1 Nc5 14. b3 Bg4 15.
f3 Bd7 16. h3 Kh8 17. f4 b6 18. Kh2 Rb8 19. Nb5 Na6 20. Nec3 Nc7 21. Qd2 Nxb5
22. cxb5 Na7 23. a4 Nc8 24. Rbc1 e6 25. Rfd1 Qe7 26. Qd3 Rd8 27. Ne2 Be8 28.
Nd4 Na7 29. Rc2 e5 30. Ne2 f6 31. Nc3 Bf7 32. Nd5 Bxd5 33. Qxd5 Rd7 34. f5 gxf5
35. exf5 Qd8 36. Qe6 Nc8 37. Bc6 Re7 38. Qd5 Rc7 39. Rcd2 Qe7 40. Qe4 Bf8 41.
Bd5 Qd8 42. Bc4 Rbb7 43. h4 Bg7 44. Bd5 Rb8 45. Be6 Bf8 46. h5 h6 47. Rc2 Rbb7
48. Rdc1 Rxc2+ 49. Rxc2 Rb8 50. Qg4 Ne7 51. Rd2 Qc7 52. Qc4 Qb7 53. Qh4 Bg7 54.
Rxd6 Qf3 55. Bxh6 Qf2+ 1/2-1/2

[Event "CAN-op"]
[Site "Toronto CAN"]
[Date "2010.07.17"]
[Round "8"]
[White "Picana, Andrew"]
[Black "Calugar, Arthur"]
[Result "0-1"]
[WhiteElo "2117"]
[BlackElo "2372"]
[PlyCount "174"]
[EventDate "2010.07.10"]
[EventType "swiss"]
[EventRounds "9"]
[EventCountry "CAN"]

1. c4 Nf6 2. Nc3 d5 3. cxd5 Nxd5 4. g3 g6 5. Bg2 Nb6 6. d3 Bg7 7. Be3 Nc6 8.
Qd2 Nd4 9. Nf3 e5 10. h4 h6 11. Rc1 Nf5 12. Bc5 Be6 13. b3 Nd6 14. Nh2 Qd7 15.
Nf1 O-O 16. h5 g5 17. Ne3 f5 18. Ned5 Nxd5 19. Nxd5 c6 20. Ne3 Rf7 21. Bxd6
Qxd6 22. Nc4 Qe7 23. Na5 f4 24. gxf4 exf4 25. Be4 Bf5 26. Rc4 Qe5 27. Bxf5 Qxf5
28. b4 g4 29. Rc5 Qe6 30. Nb3 Re8 31. Kd1 g3 32. f3 Rfe7 33. Rc2 Qd6 34. Re1 b6
35. Rc4 g2 36. Re4 Rxe4 37. dxe4 Qf6 38. Nc1 Qd4 39. e3 Qc4 40. Qd3 Qxb4 41.
Rg1 Qe7 42. Qb3+ Kh8 43. Rxg2 Rd8+ 44. Rd2 Rf8 45. exf4 Rxf4 46. Qd3 Rf8 47.
Ne2 Qf7 48. Ng3 Be5 49. Nf5 Qxh5 50. Qe3 Qg5 51. Qxg5 hxg5 52. Rd7 a5 53. Ke2
Rf6 54. Ne3 Rd6 55. Rf7 Bf4 56. Rb7 b5 57. Re7 Kg8 58. e5 Rd8 59. e6 Bxe3 60.
Kxe3 Rd6 61. Ke4 Kf8 62. Rf7+ Ke8 63. Ke5 Rd3 64. Ke4 Ra3 65. Ra7 a4 66. Rc7
Kd8 67. Rd7+ Ke8 68. Rc7 Kd8 69. Rd7+ Ke8 70. Rg7 Rc3 71. Rb7 a3 72. Ke5 Re3+
73. Kd6 Rd3+ 74. Kxc6 Rxf3 75. Kd6 Rd3+ 76. Ke5 g4 77. Rxb5 g3 78. Rb8+ Rd8 79.
Rb3 g2 80. Rg3 Rd2 81. Rg8+ Ke7 82. Rg7+ Kf8 83. Rg3 Rxa2 84. Rf3+ Ke8 85. Rg3
Re2+ 86. Kd6 Rd2+ 87. Ke5 a2 0-1

[Event "CAN-op"]
[Site "Toronto CAN"]
[Date "2010.07.17"]
[Round "8"]
[White "Serbanescu, Natasa"]
[Black "Walton, Alan"]
[Result "0-1"]
[WhiteElo "1880"]
[BlackElo "2152"]
[PlyCount "68"]
[EventDate "2010.07.10"]
[EventType "swiss"]
[EventRounds "9"]
[EventCountry "CAN"]

1. e4 e6 2. Nf3 d5 3. exd5 exd5 4. d4 Nc6 5. h3 Bd6 6. Bb5 Nge7 7. O-O O-O 8.
c4 dxc4 9. Bxc4 Bf5 10. Nc3 Qd7 11. Nb5 Rad8 12. Nxd6 Qxd6 13. Be3 Qg6 14. Nh4
Qf6 15. Qh5 h6 16. Nxf5 Nxf5 17. d5 Ne5 18. Qe2 Rfe8 19. Bb3 Ng6 20. Qf3 Ngh4
21. Qf4 Qxb2 22. Qxc7 Nxe3 23. d6 Nxf1 24. Qxf7+ Kh8 25. Rxf1 Rf8 26. Qe7 Nf5
27. Qxb7 Nxd6 28. Qxa7 Ne4 29. Qe3 Nc3 30. Qe6 Rd2 31. Qe7 Rdd8 32. Qe6 Rf6 33.
Qe7 Rdf8 34. Qe3 Nxa2 0-1